Citácia ako intertextuálny znak v akademickom diskurze

Bibliographic Details
Main Author: Dančišinová, Lucia, 1981- (Author)
Format: Software eBook
Language:Slovak
PhysicalDescription:1 elektronický optický disk (CD-ROM) 12 cm
Published: Prešov Prešovská univerzita v Prešove 2016
ISBN:9788055517025
Edition:Vydanie: prvé
Subjects:
Online Access:http://www.pulib.sk/web/kniznica/elpub/dokument/Dancisinova1

MARC

LEADER 00000nam a2200000 a 4500
001 vtls011721554
003 SK-MaSNL
005 20260301183226.0
007 co bg muuua
008 240318s2016 xo | fsn 000 0 slo
015 |a SNBS2018 
020 |a 9788055517025  |q (elektronická kniha) 
040 |a SNK  |b slo  |c SNK  |e AACR2 
041 0 |a slo 
044 |a xo  |c SK 
072 7 |a 80  |x Filológia  |2 konspekt 
072 7 |a 00  |x Veda. Všeobecnosti. Základy vedy a kultúry. Vedecká práca  |2 konspekt 
080 |a 001.811  |2 2011 
080 |a 801.73  |2 2011 
080 |a 82.0  |2 2011 
080 |a 025.4.03:001.811  |2 2011 
080 |a (048.8)  |2 2011 
080 |a (0.034.44)  |2 2011 
100 1 |a Dančišinová, Lucia,  |d 1981-  |4 aut  |9 224022 
245 1 0 |a Citácia ako intertextuálny znak v akademickom diskurze  |h elektronický zdroj  |c Lucia Dančišinová 
250 |a Vydanie: prvé 
260 |a Prešov  |b Prešovská univerzita v Prešove  |c 2016 
300 |a 1 elektronický optický disk (CD-ROM)  |c 12 cm 
500 |a Názov z titulnej obrazovky 
504 |a Bibliografia 
516 |a Textový dokument (monografia), súbory vo formáte pdf, html 
538 |a Technické požiadavky: PDF prehliadač, internetový prehliadač 
650 0 7 |a diskurzívna analýza  |2 SNKPH  |9 101386 
650 0 7 |a bibliografické citácie  |2 SNKPH  |9 1558 
650 0 7 |a intertextualita  |2 SNKPH  |9 71406 
650 0 7 |a analýza textu  |2 SNKPH  |9 558207 
650 0 7 |a citačná analýza  |2 SNKPH  |9 64119 
650 0 7 |a Standard citation forms  |2 SNKPHeng  |9 299095 
650 0 7 |a Discourse analysis  |2 SNKPHeng  |9 335690 
650 0 7 |a Intertextuality  |2 SNKPHeng  |9 277996 
650 0 7 |a Textual criticism  |2 SNKPHeng  |9 314123 
650 0 7 |a Citation analysis  |2 SNKPHeng  |9 299094 
655 7 |a elektronické zdroje  |2 SNKPH  |9 90954 
655 7 |a CD-ROM  |2 SNKPH  |9 70236 
655 7 |a monografie  |2 SNKPH  |9 70139 
655 7 |a Electronic resources  |2 SNKPHeng  |9 175546 
655 7 |a Monographs  |2 SNKPHeng  |9 120675 
856 4 1 |u http://www.pulib.sk/web/kniznica/elpub/dokument/Dancisinova1 
919 |a 978-80-555-1702-5 
958 |a NB 
999 |c 856243  |d 858173 
952 |a SNK  |b SNK  |y PREZ  |7 0  |p 17A1274655  |o snkSCDM 9636  |i snk2017/25604  |8 0  |0 0  |1 0  |4 0  |d 2017-11-21  |l 0  |r 2026-02-24 04:56:55  |w 2026-02-24